000 00393nam a22001337a 4500
999 _c13555
_d13555
020 _a81-8223-193-0
082 _a297.811
_bس ل ی
100 _a شیخ سلیم احمد
245 _aامیر خسرو
260 _aدہلی
_bایجوکیشنل پبلشنگ ہاؤس
_c٢٠٠٦
300 _a٤٣٩ صفحات
650 _aAmeer Khusro, shair, Poet, Poetry, Personality
942 _cBK